书目信息 |
| 题名: |
Verilog HDL与数字电路设计
|
|
| 作者: | 王冠 , 黄熙 , 王鹰 编著 | |
| 分册: | ||
| 出版信息: | 北京 机械工业出版社 2005.09 |
|
| 页数: | 329页 | |
| 开本: | 26cm | |
| 丛书名: | 硬件电路工程师从入门到提高丛书 | |
| 单 册: | ||
| 中图分类: | TN79 | |
| 科图分类: | ||
| 主题词: | 数字电路--shu zi dian lu--电路设计 , VHDL语言--VHDL yu yan--程序设计 | |
| 电子资源: | ||
| ISBN: | 7-111-17391-0 | |
| 000 | 01135nam 2200289 450 | |
| 001 | 012006357487 | |
| 005 | 20060922162154.62 | |
| 010 | @a7-111-17391-0@dCNY34.00 | |
| 100 | @a20060625d2005 km y0chiy0120 ea | |
| 101 | 0 | @achi |
| 102 | @aCN@b110000 | |
| 105 | @aa a 000yy | |
| 200 | 1 | @aVerilog HDL与数字电路设计@AVerilog HDL yu shu zi dian lu she ji@f王冠, 黄熙, 王鹰编著@Fwang guan,huang xi,wang ying bian zhu |
| 210 | @a北京@c机械工业出版社@d2005.09 | |
| 215 | @a329页@c图@d26cm | |
| 225 | 2 | @a硬件电路工程师从入门到提高丛书@Aying jian dian lu gong cheng shi cong ru men dao ti gao cong shu@f姜雪松主编 |
| 320 | @a有书目。 | |
| 330 | @a本书介绍了Verilog HDL的基本语法知识、常用数字电路设计的Verilog HDL描述、小型和大型复杂数字电路的设计等内容。 | |
| 410 | 0 | @12001 @a硬件电路工程师从入门到提高丛书@1701 0@a姜雪松@Ajiang xue song@4主编 |
| 606 | 0 | @a数字电路@Ashu zi dian lu@x电路设计 |
| 606 | 0 | @aVHDL语言@AVHDL yu yan@x程序设计 |
| 690 | @aTN79@v4 | |
| 701 | 0 | @a王冠@Awang guan@4编著 |
| 701 | 0 | @a黄熙@Ahuang xi@4编著 |
| 701 | 0 | @a王鹰@Awang ying@4编著 |
| 801 | 0 | @aCN@c20060922 |
| 905 | @a10447@dTN79@eW195 | |
| Verilog HDL与数字电路设计/王冠, 黄熙, 王鹰编著.-北京:机械工业出版社,2005.09 |
| 329页:图;26cm.-(硬件电路工程师从入门到提高丛书/姜雪松主编) |
| ISBN 7-111-17391-0:CNY34.00 |
| 本书介绍了Verilog HDL的基本语法知识、常用数字电路设计的Verilog HDL描述、小型和大型复杂数字电路的设计等内容。 |
| ● |
| 相关链接 |
|
|
|
正题名:Verilog HDL与数字电路设计
索取号:TN79/W195
 
预约/预借
| 序号 | 登录号 | 条形码 | 馆藏地/架位号 | 状态 | 备注 |
| 1 | 591829 | 205918293 | 自科二线404/404自科库 15排5列1层/ [索取号:TN79/W195] | 在馆 | |
| 2 | 591830 | 205918300 | 自科库301/301自科库 32排3列3层/ [索取号:TN79/W195] | 在馆 | |
| 3 | 591831 | 205918319 | 自科库301/301自科库 32排3列3层/ [索取号:TN79/W195] | 在馆 |